| 000 | 00989nam a2200289Ia 4500 | ||
|---|---|---|---|
| 001 | Para_406 | ||
| 003 | CHAP | ||
| 008 | 220125s2000 xx 000 0 und d | ||
| 010 | _a199161 | ||
| 040 | _cCHAP | ||
| 090 | _aPA TESIS 1435 | ||
| 100 |
_aLora Trejo, Imelda _968509 |
||
| 245 |
_aPatogenesis de la roya blanca Puccinia horiana P. Henn en una variedad susceptible de crisantemo (Chrysanthemum morifolium (Ramat.) Hemsl.) / _c por Imelda Lora Trejo |
||
| 260 |
_aChapingo, Méx. : _b el autor |
||
| 300 | _a51 h. | ||
| 502 | _aTesis (Ing. Agr. Esp. en Parasitología Agrícola) -- UACh. Departamento Parasitología Agrícola | ||
| 650 |
_aCrisantemo _x enfermedades _928949 |
||
| 650 |
_aRoya blanca _9164491 |
||
| 710 |
_aUACh. Departamento Parasitología Agrícola _9164025 |
||
| 901 | _aPA TESIS 1435 | ||
| 902 | _aA | ||
| 905 | _a0000002000 an 0000000000 00 | ||
| 910 | _a2000 | ||
| 942 | _cPARA | ||
| 942 |
_cPARA _d1 |
||
| 999 |
_c199161 _d199161 |
||